| 000 | 01881cam a22004934a 4500 | ||
|---|---|---|---|
| 001 | 14069956 | ||
| 003 | OSt | ||
| 005 | 20140408085048.0 | ||
| 008 | 050810t20052004nyu c 000 1 eng d | ||
| 010 | _a 2005299182 | ||
| 020 | _a0439653665 | ||
| 035 | _a(OCoLC)ocm57653601 | ||
| 040 |
_aKyLxBWIB _cKyLxBWIB _dOCoLC _dDLC |
||
| 042 |
_alcac _alccopycat |
||
| 043 | _an-us-va | ||
| 050 | 0 | 0 |
_aPZ 7 _b.B872Nb 2005 |
| 100 | 1 |
_aBrooke, Lauren. _922844 |
|
| 245 | 1 | 0 |
_aNew beginnings / _cby Lauren Brooke. |
| 260 |
_aNew York : _bScholastic, _cc2004. |
||
| 300 |
_a165 p. ; _c20 cm. |
||
| 490 | 1 |
_aHeartland ; _v18 |
|
| 500 | _a"A working partners series"- -P. [4] of cover. | ||
| 520 | _aAmy visits her friend Carey and at first assumes that Carey needs help with her unruly horse Mustang. Later, Amy wonders why Carey is surprisingly cold towards both her and the horse. | ||
| 521 | 1 | _aG6 | |
| 526 | _c800 | ||
| 562 | _eFor circulation. 2 copy available in the collection | ||
| 650 | 0 |
_aAnimal welfare _vJuvenile fiction. _926501 |
|
| 650 | 0 |
_aHorses _xTraining _vJuvenile fiction. _926502 |
|
| 650 | 0 |
_aFriendship _vJuvenile fiction. _926503 |
|
| 650 | 0 |
_aHorse farms _vJuvenile fiction. _926504 |
|
| 650 | 0 |
_aHeartland (Va. : Imaginary place) _vJuvenile fiction. _926505 |
|
| 650 | 1 |
_aAnimals _xTreatment _vFiction. _926506 |
|
| 650 | 1 |
_aHorses _xTraining _vFiction. _926507 |
|
| 650 | 1 |
_aFriendship _vFiction. _926508 |
|
| 650 | 1 |
_aHorse farms _vFiction. _926509 |
|
| 650 | 1 |
_aHeartland (Va. : Imaginary place) _vFiction. _926510 |
|
| 651 | 0 |
_aVirginia _vJuvenile fiction. _926511 |
|
| 651 | 1 |
_aVirginia _vFiction. _926512 |
|
| 800 | 1 |
_aBrooke, Lauren. _tHeartland ; _v18. _926513 |
|
| 906 |
_a7 _bcbc _ccopycat _d2 _encip _f20 _gy-gencatlg |
||
| 942 |
_2lcc _cBK |
||
| 999 |
_c34185 _d34185 |
||